Marvel Cinematic Universe quote to movie - Statistics

General Stats
  • This quiz has been taken 35 times
  • The average score is 22 of 37
Answer Stats
Hint Answer % Correct
Tony Stark was able to build this in a cave...with a box of scraps! Iron Man
100%
I'll do you one better....WHY is Gamora!!?? Avengers: Infinity War
91%
Avengers....ASSEMBLE! Avengers: Endgame
88%
If you're nothing without the suit, then you shouldn't have it Spider-Man: Homecoming
76%
You will be the new face of Hydra. Captain America: The Winter Soldier
73%
And with great power, there must also come great responsibility Spider-Man: No Way Home
73%
I'm not lady Thor. My name is Mighty Thor! Thor: Love & Thunder
73%
So....King of Asgard. Where to? Thor: Ragnarok
73%
Enough! You are all of you beneath me! I am a god you dull creature! Avengers
70%
T'Challa was truly noble. Are you going to be like him, or are you gonna take care of business? Black Panther: Wakanda Forever
70%
Throughout my life, the ten rings gave me power Shang-Chi and the Legend of the Ten Rings
70%
Baskin Robbins always finds out. Ant-Man
67%
Now, we're sure this is our shrunken building and not someone else's, right? Ant-Man & The Wasp
67%
Underoos! Captain America: Civil War
67%
You may be Captain America, but you're not Steve Rogers Captain America: Brave New World
64%
Thats not a cat. Thats a Flerkin. Captain Marvel
64%
This...is TIME. Endless. Looped. TIME. Doctor Strange
64%
I think Nick Fury just hi-jacked our summer vacation Spider-Man: Far From Home
64%
Our final member...Professor Charles Xavier Doctor Strange in the Multiverse of Madness
61%
One son who wanted the throne too much, and other who will not take it. Is this my legacy? Thor: The Dark World
61%
I have seen the future, Captain. There are no flags! Captain America: The First Avenger
58%
I am KANG! Ant-Man & The Wasp: Quantumania
55%
But...it broke my heart to put that tumor in her head... Guardians of the Galaxy Volume 2
55%
You're mortal....HOW?? Guardians of the Galaxy
52%
My name is Trevor, Trevor Slattery. Iron Man 3
52%
This is why we're the Avengerz with a Z Thunderbolts*
52%
You get hurt, hurt 'em back. You get killed... walk it off. Avengers: Age of Ultron
48%
The sudden return of the population provided the necessary energy for the emergence to begin Eternals
48%
I want my bird Iron Man 2
48%
Kamala, you are NOT going on any space adventures The Marvels
48%
Through you arrogance and stupidity you have opened up these peaceful realms and innocent lives to the horror and desolation of war! Thor
48%
You freakish little monster! How dare you think you are more, 8-9-P-1-3! Guardians of the Galaxy Volume 3
42%
I'm not sacrificing my son for this planet, but I won't sacrifice this planet for my son. The Fantastic Four: First Steps
42%
You were wrong. ALL OF YOU WERE WRONG...to turn your backs on the rest of the world! Black Panther
36%
Sever the nerve Black Widow
30%
I wear a toupee...but nobody knows Deadpool & Wolverine
27%
As far as I'm concerned, that man's whole body is property of the U.S. Army The Incredible Hulk
27%
No matching quizzes found
Score Distribution
Percent of People with Each Score
Percentile by Number Answered
Your Score History
You have not taken this quiz